Normal view
MARC view
- Physics
Entry Topical Term
001 - CONTROL NUMBER
- control field: 447
003 - CONTROL NUMBER IDENTIFIER
- control field: IT-RoPau
005 - DATE AND TIME OF LATEST TRANSACTION
- control field: 20130227093517.0
008 - FIXED-LENGTH DATA ELEMENTS
- fixed length control field: 130227|| aca||aabn | a|a d
040 ## - CATALOGING SOURCE
- Original cataloging agency: IT-RoPau
- Transcribing agency: IT-RoPau
150 ## - HEADING--TOPICAL TERM
- Topical term or geographic name entry element: Physics
- General subdivision: History.
670 ## - SOURCE DATA FOUND
- Source citation: Work cat.: (IT-RoPau)7: Einstein, Albert, 1879-1955 446, The evolution of physics;, 1938.